Napoleón: revelado por los testigos de su vida
Guardat en:
| Autor principal: | |
|---|---|
| Format: | Llibre |
| Idioma: | espanyol |
| Publicat: |
Buenos Aires
Compañia General Fabril
1960
|
| Edició: | 1a. ed |
| Col·lecció: | Testimonios
|
| Matèries: | |
| Etiquetes: |
Afegir etiqueta
Sense etiquetes, Sigues el primer a etiquetar aquest registre!
|
MARC
| LEADER | 00000cam a2200000 a 4500 | ||
|---|---|---|---|
| 001 | UCD4731 | ||
| 003 | CL-VaPUC | ||
| 008 | 160717e19600000ag |||||||||||||||||spa|d | ||
| 082 | 0 | 4 | |a 923.2 |b SAV |2 21 |
| 100 | 0 | |a Savant, Jean |e author |9 588459 | |
| 245 | 1 | 0 | |a Napoleón: revelado por los testigos de su vida |
| 250 | |a 1a. ed | ||
| 300 | |a 462 p | ||
| 942 | |c BK | ||
| 945 | |d 20160717 19:54:00 |a arojas | ||
| 260 | |a Buenos Aires |b Compañia General Fabril |c 1960 | ||
| 600 | 0 | |a Bonaparte, Napoleón |9 317802 | |
| 650 | 0 | |a Biografías |9 255210 | |
| 650 | 7 | |a GUERRAS NAPOLEONICAS |2 CL-VaPUC |9 340406 | |
| 650 | 7 | |a HISTORIA DE FRANCIA SIGLO 18 |2 CL-VaPUC |9 345414 | |
| 583 | |a last modification |c 20160717 19:54:00 |k Rodrigo Vera | ||
| 490 | 0 | |a Testimonios | |
| 999 | |c 365583 |d 365581 | ||
| 952 | |0 0 |1 0 |3 erb |4 0 |6 923_200000000000000_SAV_1960 |7 0 |8 A |9 479468 |a FDOHBE |b FDOHBE |e Huesbe Llanos, Marco Antonio, 1934- |i 5307961 |o 923.2 SAV 1960 |p 5307961 |r 2024-01-30 |w 2019-11-24 |y BK |z Catalogado en:20160717 |k HBE | ||